Speeches / (Record no. 29605)
[ view plain ]
| 000 -LEADER | |
|---|---|
| fixed length control field | 00713nam a22002297a 4500 |
| 001 - CONTROL NUMBER | |
| control field | 29605 |
| 003 - CONTROL NUMBER IDENTIFIER | |
| rucl marc code | BD-RjUL |
| 005 - DATE AND TIME OF LATEST TRANSACTION | |
| control field | 20211209051431.0 |
| 008 - FIXED-LENGTH DATA ELEMENTS--GENERAL INFORMATION | |
| fixed length control field | 140406r19591958bg 000 0 eng d |
| 035 ## - SYSTEM CONTROL NUMBER | |
| System control number | (BD-RjUL)29690 |
| 040 ## - CATALOGING SOURCE | |
| Original cataloging agency | BD-RjUL |
| Language of cataloging | eng |
| Transcribing agency | BD-RjUL |
| 041 ## - LANGUAGE CODE | |
| Language code of text/sound track or separate title | eng |
| 082 ## - DEWEY DECIMAL CLASSIFICATION NUMBER | |
| Classification number | 954.145 |
| Author mark and year | HUS 1959 |
| 100 1# - MAIN ENTRY--PERSONAL NAME | |
| Personal name | Huq, A. K. Fazlul. |
| 9 (RLIN) | 90214 |
| 245 ## - TITLE STATEMENT | |
| Title | Speeches / |
| Statement of responsibility, etc. | Delivered by A. K. Fazlul Huq, Sultanuddin Ahmed and Zakir Hussain. |
| 260 ## - PUBLICATION, DISTRIBUTION, ETC. (IMPRINT) | |
| Place of publication, distribution, etc. | Dacca : |
| Name of publisher, distributor, etc. | East Pkistan Government, |
| Date of publication, distribution, etc. | [Reprinted 1959]. |
| 300 ## - PHYSICAL DESCRIPTION | |
| Pagination | (iii, )212 p ; |
| Size | 21 cm. |
| 650 ## - SUBJECT ADDED ENTRY--TOPICAL TERM | |
| Topical term or geographic name as entry element | Speeches, addresses, etc. |
| Geographic subdivision | East pakistan |
| 9 (RLIN) | 90215 |
| 700 1# - ADDED ENTRY--PERSONAL NAME | |
| Personal name | Sultanuddin, Ahmed. |
| Personal name | Husain, Zakir. |
| 942 ## - ADDED ENTRY ELEMENTS (KOHA) | |
| Source of classification or shelving scheme | Dewey Decimal Classification |
| Koha item type | Books |
| Lost status | Source of classification or shelving scheme | Damaged status | Not for loan | Collection code | Permanent Location | Current Location | Shelving location | Date acquired | Source of acquisition | Total Checkouts | Full call number | Date last seen | Copy number | Koha item type |
|---|---|---|---|---|---|---|---|---|---|---|---|---|---|---|
| Dewey Decimal Classification | Added to bundle | Non-fiction | Central Library, University of Rajshahi | Central Library, University of Rajshahi | Reading Room | 03/11/1959 | Registration Office | 954.145 HUS 1959 | 06/04/2014 | C-1 | Books |